Els Gremis a la Barcelona medieval / per Margarida Tintó i Sala
Descripción Física:
62 p. : il., [1] map. pleg. ; 17 x 19 cm
Colección:
Col·lecció A. Duran i Sanpere ; 6
Materias:
Gremis -- Barcelona -- S. XI/XV
MARC
| LEADER | 00000nam a2200000Ia 4500 | ||
|---|---|---|---|
| 001 | 1719 | ||
| 003 | BGR | ||
| 005 | 20260324175236.0 | ||
| 008 | 160829s1978 xx 000 0 cat d | ||
| 080 | |a M-2-350 | ||
| 100 | |a Tintó i Sala, Margarita |9 22841 | ||
| 245 | |a Els Gremis a la Barcelona medieval / per Margarida Tintó i Sala | ||
| 260 | |a Barcelona : |b Ajuntament de Barcelona. Delegació de Cultura, |c 1978 | ||
| 300 | |a 62 p. : |b il., [1] map. pleg. ; |c 17 x 19 cm | ||
| 490 | |a Col·lecció A. Duran i Sanpere ; 6 | ||
| 650 | |a Gremis |x Barcelona |x S. XI/XV |9 22842 | ||
| 710 | 1 | |a Barcelona (Catalunya). |b Ajuntament |9 50981 | |
| 901 | |a Arxiu | ||
| 942 | |n 1 |2 udc |c MON | ||
| 952 | |0 0 |1 0 |4 0 |6 M2350 |7 1 |9 42356 |a Arxiu |b Arxiu |d 2016-12-01 |l 0 |o M-2-350 |p 1719 |r 2016-12-01 00:00:00 |w 2016-12-01 |y ARXIU | ||
| 999 | |c 44834 |d 44834 | ||